| 000 | 01260nam a2200385 i 4500 | ||
|---|---|---|---|
| 001 | 24432 | ||
| 003 | KOSZ 005 | ||
| 005 | 20200811094635.0 | ||
| 008 | s1993 pl a f f |000 0 pol | ||
| 020 | _a8320416469 | ||
| 040 |
_aKOSZ 005/RW _cKOSZ 005/RW _dKOSZ 005/EG |
||
| 041 | 0 | _apol | |
| 046 | _k1993 | ||
| 080 | _a536.7 | ||
| 080 | _a544.3 | ||
| 080 | _a(075.8) | ||
| 100 | 1 |
_aMichałowski, Stanisław _d(1930- ) _eAutor |
|
| 245 | 1 | 0 |
_aTermodynamika procesowa / _cStanisław Michałowski, Kazimierz Wańkowicz. |
| 260 |
_aWarszawa : _bWydawnictwa Naukowo-Techniczne, _c1993. |
||
| 300 |
_a434, [2] s. : _brys., wykr. ; _c24 cm. |
||
| 380 | _aKsiążki. | ||
| 388 | _a1901-2000 | ||
| 388 | _a1989-2000 | ||
| 490 | 1 | _aInżynieria Chemiczna | |
| 504 | _aBibliogr. s. [429-430]. - Indeks. | ||
| 658 | _aChemia | ||
| 655 | _aPodręczniki akademickie | ||
| 650 | 4 | _aTermodynamika chemiczna | |
| 650 | 4 | _aPrzemiany fazowe | |
| 700 | 1 |
_aWańkowicz, Kazimierz _eAutor |
|
| 710 | 2 |
_aWydawnictwa Naukowo-Techniczne _4pbl. |
|
| 856 |
_uhttp://koha.tu.koszalin.pl/cgi-bin/koha/opac-detail.pl?biblionumber=24432 _yKatalog online BPK |
||
| 830 | _aInżynieria Chemiczna | ||
| 942 |
_2UKD _cKS |
||
| 999 |
_c24432 _d24432 |
||